Think Fast - Which Half of the Alphabet? - Statistics

General Stats
  • This quiz has been taken 783 times
  • The average score is 17 of 26
Answer Stats
Letter Half % Correct
C 1
71%
B 1
69%
E 1
69%
F 1
69%
H 1
69%
Q 2
69%
D 1
67%
I 1
67%
J 1
67%
A 1
66%
G 1
66%
M 1
65%
R 2
65%
V 2
65%
N 2
64%
U 2
63%
K 1
62%
L 1
62%
O 2
62%
S 2
62%
W 2
60%
Y 2
60%
P 2
59%
X 2
59%
T 2
58%
Z 2
57%
No matching quizzes found
Score Distribution
Percent of People with Each Score
Percentile by Number Answered
Your Score History
You have not taken this quiz